000 00327nam a2200133Ia 4500
008 240624s9999 xx 000 0 und d
041 _aeng
082 _a338.954 PCG
100 _aPLANNING COMMISSION OF GOI
245 _aTWELFTH FIVE YEAR PLAN 2012 2017
260 _c2013
_aNew Delhi
_bSage
365 _cRS
_b40
440 _v2
999 _c22263
_d22263